000
00334nam a2200133Ia 4500
008
240624s9999 xx 000 0 und d
041
_a
eng
082
_a
658.4012 THO
100
_a
THOMSON NEIL
245
_a
BASIC STRATEGY IN CONTEXT EUROPEAN TEXT
260
_c
2010
_a
Sussex
_b
Wiley-Blackwell
300
_a
422 : p.
365
_c
_b
30
999
_c
20559
_d
20559